000 01155nam a2200277 c 4500
003 BLK
005 20180421001537.0
008 180411b bul|||||r ||||||| ||bul||
010 _aKNG00212598000
040 _aBLK
041 _aBUL
_cBUL
080 _aПрекратяване на трудовите отношения. Уволнение. Защита при необосновано уволнение
_b349.227
_x(035)
_z349.227(035)
100 1 _aМилованов, Кругер Стоянов
_eпърви автор
_9341261
139 _aМилованов, Кругер Стоянов
_bМ 61
245 1 0 _aПрекратяване на трудовия договор
_bСправ.
_cКругер Стоянов Милованов.
257 _aBGR
260 София
_bНаука и изкуство
_c1989
300 _a115 с.
_c20 см
380 _a3
490 1 _aПоредица Познаваме ли социалистическото право?
852 _aЦб 156639
856 4 _qpdf
_u
856 4 _qpdf
_u
942 _cKNG
_n0
944 _aCR
_c27.09.2017
_kПравда_Бадева
944 _aED
_c27.09.2017
_kПравда_Бадева
999 _c203104
_d203104